Guess the Broadway Musical Based on a Song - Statistics

General Stats
  • This quiz has been taken 156 times
  • The average score is 18 of 30
Answer Stats
Song Musical % Correct
Popular Wicked
89%
Summer Nights Grease
87%
Seasons of Love Rent
87%
On My Own Les Misérables
86%
You Can't Stop the Beat Hairspray
83%
Mr. Cellophane Chicago
79%
Don't Cry for Me Argentina Evita
79%
Your Obedient Servant Hamilton
79%
Sixteen Going on Seventeen Sound of Music
78%
Don't Rain on My Parade Funny Girl
76%
Maybe Annie
75%
Matchmaker Fiddler on the Roof
74%
Let's Go Fly a Kite Mary Poppins
71%
Santa Fe Newsies
70%
Hello Book of Mormon
69%
There are Giants in the Sky Into the Woods
67%
Requiem Dear Evan Hansen
65%
Anything You Can Do I Can Do Better Annie Get Your Gun
58%
The Point of No Return Phantom of the Opera
56%
Somewhere West Side Story
55%
Michael in the Bathroom Be More Chill
53%
Wouldn't it be Loverly My Fair Lady
51%
Piragua In the Heights
44%
I'd Do Anything Oliver!
37%
Close Every Door to Me Joseph and the Amazing Technicolor Dreamcoat
35%
Many A New Day Oklahoma!
34%
Goodnight My Someone The Music Man
27%
Movin' Out Movin' Out
13%
I Can Cook Too On the Town
7%
Let's Call the Whole Thing Off Nice Work If You Can Get It
5%
No matching quizzes found
Score Distribution
Percent of People with Each Score
Percentile by Number Answered
Your Score History
You have not taken this quiz